| 000 | 00953cam a2200325 4500 | ||
|---|---|---|---|
| 001 | 1796385 | ||
| 003 | OSt | ||
| 005 | 20251209163859.0 | ||
| 008 | 730329s1972 cau b 001 0 eng | ||
| 010 | _a 78185799 | ||
| 020 | _a0830701451 | ||
| 020 | _a9780830701452 | ||
| 035 | _a1796385 | ||
| 040 |
_aDLC _cDLC _dDLC |
||
| 050 | 0 | 0 |
_aBS2625.3 _b.L37 1972 |
| 082 | 0 | 0 | _a226/.6/066 |
| 100 | 1 | _aLa Sor, William Sanford. | |
| 245 | 1 | 0 | _aChurch alive. |
| 260 |
_aGlendale, Calif., _bG/L Regal Books _c[1972] |
||
| 300 |
_a429 p. _c18 cm. |
||
| 336 |
_atext _btxt _2rdacontent |
||
| 337 |
_aunmediated _bn _2rdamedia |
||
| 338 |
_avolume _bnc _2rdacarrier |
||
| 490 | 0 | _aLayman's Bible commentary: Acts | |
| 504 | _aBibliography: p. 406-411. | ||
| 630 | 0 | 0 |
_aBible. _pActs _xCommentaries. |
| 906 |
_a7 _bcbc _corignew _d2 _encip _f19 _gy-gencatlg |
||
| 942 |
_2lcc _cBK |
||
| 999 |
_c20998 _d20997 |
||